FRIENDS Trivia Lists Quiz Stats

 Plays Quiz not verified by Sporcle

Challenge
Share
Tweet
Embed
Score 0/35 Timer 10:00
0 Plays Today
% Correct
Emma
96.9%
Ben
95.4%
Jack
95.4%
Jack Geller
95.4%
Frank Jr. Jr.
94.4%
Chandler
94.4%
Frank Buffay, Sr.
94.4%
Amy
92.3%
Judy Geller
91.3%
Muriel
90.8%
Jill
90.3%
Karen
87.2%
Leslie
86.7%
Erica
86.7%
Ralph Lauren
85.2%
Phoebe Abbott
84.7%
Carol Willick
84.2%
Rachel Green
84.2%
% Correct
Emily Waltham
83.7%
Central Perk
80.1%
Nora Tyler Bing
80.1%
Dr. Leonard Green
78.6%
Bloomingdales
77.6%
Charles Bing
72.4%
Lily
69.4%
Sandra Green
66.8%
Joseph Tribbiani, Sr.
65.3%
Francis
64.8%
Gloria Tribbiani
50.5%
Eustace
42.9%
E
42.3%
Isabella
34.7%
Fortunata Fashions
24.5%
Delilah
24.5%
Baby Girl
16.8%

You're not logged in!

Compare scores with friends on all Sporcle quizzes.
Join for Free
OR
Log In

You Might Also Like...

Show Comments

Extras

Created Jan 24, 2013ReportNominate

Top Quizzes Today


Score Distribution

Your Account Isn't Verified!

In order to create a playlist on Sporcle, you need to verify the email address you used during registration. Go to your Sporcle Settings to finish the process.

Report this User

Report this user for behavior that violates our Community Guidelines.

Details: